Giáo trình đàm thoại tiếng Nhật, tập 4

Gorde:
Xehetasun bibliografikoak
Formatua: Liburua
Argitaratua: 2008
Etiketak: Etiketa erantsi
Etiketarik gabe, Izan zaitez lehena erregistro honi etiketa jartzen!
Thư viện lưu trữ: Mạng thư viện Đại học Đà Nẵng
LEADER 00467nam a22001811a 4500
001 000038802
003 15097
005 20160412021451.0
008 160412s2008 000
082 |a 4N(07)715-18 
245 |a Giáo trình đàm thoại tiếng Nhật, tập 4  |c Trần Việt Thanh 
260 |c 2008 
OWN |a LNN 
999 |a From the UDN01 
TYP |a Monograph 
980 |a Mạng thư viện Đại học Đà Nẵng